000 00308nam a2200121 4500
999 _c10792
_d10792
003 OSt
005 20220927144858.0
008 220927b ||||| |||| 00| 0 eng d
110 _aPhilip Drew
245 _aTensile Architecture
260 _aLondon
_bCrosby Lockwood staples :Granade publishing
942 _2ddc